Testi greci, romani e bizantini sulla guerra e l' imperio
I tiakina i:
| Kaituhi matua: | |
|---|---|
| Hōputu: | Pukapuka |
| Reo: | Itāriana |
| I whakaputaina: |
Florencia
Università degli Studi di Firenze
2008
|
| Putanga: | 1a. ed |
| Ngā marau: | |
| Ngā Tūtohu: |
Tāpirihia he Tūtohu
Kāore He Tūtohu, Me noho koe te mea tuatahi ki te tūtohu i tēnei pūkete!
|
MARC
| LEADER | 00000cam a2200000 a 4500 | ||
|---|---|---|---|
| 001 | UCD8796 | ||
| 003 | CL-VaPUC | ||
| 005 | 20241014131101.0 | ||
| 008 | 170527e20080000it 1 ita d | ||
| 082 | 0 | 4 | |a 937 |b DES |2 21 |
| 100 | 1 | |a Desideri, Paolo |e author |9 622238 | |
| 245 | 1 | 0 | |a Testi greci, romani e bizantini sulla guerra e l' imperio |
| 250 | |a 1a. ed | ||
| 260 | |a Florencia |b Università degli Studi di Firenze |c 2008 | ||
| 300 | |a 237 p | ||
| 583 | |a last modification |c 20190909 10:07:10 |k Rodrigo Vera | ||
| 650 | 0 | 0 | |a Historia antigua |9 267521 |
| 650 | 0 | 0 | |a Historia de Roma |9 315349 |
| 650 | 0 | 0 | |a Imperio Romano |9 322785 |
| 650 | 0 | 0 | |a Imperio Bizantino |9 315386 |
| 942 | |c BK | ||
| 945 | |a dcastane |d 20170527 00:32:00 | ||
| 546 | |a En Italiano | ||
| 536 | |a Università degli Studi di Firenze | ||
| 518 | |p Convegno Scrittori Antichi e Imperi Moderni, 1, Firenze, 9-11 ottobre 2008 | ||
| 999 | |c 384877 |d 384875 | ||
| 952 | |0 0 |1 0 |3 erb |4 0 |6 937_000000000000000_DES_2008 |7 0 |8 A |9 507880 |a FDOLAF |b FDOLAF |e Laffi, Umberto |i 5391946 |o 937 DES 2008 |p 5391946 |r 2024-01-30 |w 2020-01-23 |y BK |z Catalogado en:20170527 |k LAF | ||